Modern English structures : (Record no. 1019)

000 -LEADER
fixed length control field 01016cam a2200337 a 4500
003 - CONTROL NUMBER IDENTIFIER
control field CaOOAMICUS
005 - DATE AND TIME OF LATEST TRANSACTION
control field 20210623081151.0
008 - FIXED-LENGTH DATA ELEMENTS--GENERAL INFORMATION
fixed length control field 000111s2000 onc b 001 0 eng c
020 ## - INTERNATIONAL STANDARD BOOK NUMBER
International Standard Book Number 1551112736 :
040 ## - CATALOGING SOURCE
Transcribing agency CaOTU
050 ## - LIBRARY OF CONGRESS CALL NUMBER
Classification number PE1112
Item number .O38 2000
055 #3 - CLASSIFICATION NUMBERS ASSIGNED IN CANADA
Classification number PE1112
Item number .O38 2000
090 ## - LOCALLY ASSIGNED LC-TYPE CALL NUMBER (OCLC); LOCAL CALL NUMBER (RLIN)
Classification number (OCLC) (R) ; Classification number, CALL (RLIN) (NR) 425 ODW
100 1# - MAIN ENTRY--PERSONAL NAME
Personal name O'Dwyer, Bernard.
245 10 - TITLE STATEMENT
Title Modern English structures :
Remainder of title form, function and position /
Statement of responsibility, etc. Bernard T. O'Dwyer.
260 ## - PUBLICATION, DISTRIBUTION, ETC.
Place of publication, distribution, etc. Peterborough, Ont. :
Name of publisher, distributor, etc. Broadview Press,
Date of publication, distribution, etc. 2000.
300 ## - PHYSICAL DESCRIPTION
Extent 272 pages
336 ## - CONTENT TYPE
Content type term text
Content type code txt
Source rdacontent
337 ## - MEDIA TYPE
Media type term unmediated
Media type code n
Source rdamedia
338 ## - CARRIER TYPE
Carrier type term volume
Carrier type code nc
Source rdacarrier
504 ## - BIBLIOGRAPHY, ETC. NOTE
Bibliography, etc. note Includes bibliographical references and index.
650 #0 - SUBJECT ADDED ENTRY--TOPICAL TERM
Topical term or geographic name entry element English language
General subdivision Grammar.
906 ## - LOCAL DATA ELEMENT F, LDF (RLIN)
a AN:0:2
-- BE:0:1
-- CL:1:16
-- DO:0:2
-- PR:0:3
-- RS:1:6
942 ## - ADDED ENTRY ELEMENTS (KOHA)
Source of classification or shelving scheme
Koha item type Book
Suppress in OPAC SO
948 ## - LOCAL PROCESSING INFORMATION (OCLC); SERIES PART DESIGNATOR (RLIN)
Series part designator, SPT (RLIN) 12/01/2000
b (OCLC) 12/10/2006
Holdings
Withdrawn status Lost status Source of classification or shelving scheme Damaged status Not for loan Permanent Location Current Location Shelving location Date acquired Total Checkouts Full call number Barcode Date last seen Date last checked out Price effective from Koha item type Public note
          AU LIBRARY AU LIBRARY Open Shelf 23.06.2021 2 PE1112 .O38 2000 28000404 04.11.2022 21.10.2022 23.06.2021 Book SO

Powered by Koha